Integrated interactive computing systems : proceedings of the European Conference on Integrated Interactive Computing Systems, ECICS 82 Stresa, Italy, 1-3 September 1982

Αποθηκεύτηκε σε:
Λεπτομέρειες βιβλιογραφικής εγγραφής
Συγγραφή απο Οργανισμό/Αρχή: European Conference on Integrated Interactive Computing Systems Stresa, Italy
Άλλοι συγγραφείς: Degano, Pierpaolo, 1950- (Επιμελητής έκδοσης), Sandewall, Erik (Επιμελητής έκδοσης)
Μορφή: Πρακτικό Συνεδρίου Βιβλίο
Γλώσσα:English
Δημοσίευση: Amsterdam : New York : New York, N.Y. : North-Holland Pub. Co., Sole distributor for the U.S.A. and Canada Elsevier Science, 1983
Θέματα:
Ετικέτες: Προσθήκη ετικέτας
Δεν υπάρχουν, Καταχωρήστε ετικέτα πρώτοι!

MARC

LEADER 00000cam a2200000 i 4500
001 1/24939
008 950714s1983 eng d
020 |a 0444865950 
035 |l 10022396 
040 |a GR-MY-UA  |b gre  |e aacr 
041 0 |a eng 
082 7 |a 001.64   |2 (19) 
111 2 |a European Conference on Integrated Interactive Computing Systems   |d (1982 :   |c Stresa, Italy) 
245 1 0 |a Integrated interactive computing systems :   |b proceedings of the European Conference on Integrated Interactive Computing Systems, ECICS 82 Stresa, Italy, 1-3 September 1982 /   |c edited by Pierpaolo Degano and Erik Sandewall. 
260 |a Amsterdam :   |a New York :   |a New York, N.Y. :   |b North-Holland Pub. Co.,   |b Sole distributor for the U.S.A. and Canada Elsevier Science,   |c 1983 
300 |a xi, 374 σ. :   |b εικ. ;   |c 23 εκ. 
504 |a Περιλαμβάνει βιβλιογραφικές παραπομπές. 
650 0 |a Interactive computer systems  |x Congresses. 
700 1 |a Degano, Pierpaolo,   |d 1950-  |e edt 
700 1 |a Sandewall, Erik,  |e edt 
852 |a INST  |b CHIOS  |e 19950714  |h 001.64 INT  |p 005200002360  |q 005200002360  |t BK  |y 0